<?xml version="1.0" encoding="UTF-8"?><?xml-stylesheet type="text/xsl" href="static/style.xsl"?><OAI-PMH xmlns="http://www.openarchives.org/OAI/2.0/" xmlns:xsi="http://www.w3.org/2001/XMLSchema-instance" xsi:schemaLocation="http://www.openarchives.org/OAI/2.0/ http://www.openarchives.org/OAI/2.0/OAI-PMH.xsd"><responseDate>2026-04-17T10:25:56Z</responseDate><request verb="GetRecord" identifier="oai:riubu.ubu.es:10259/10344" metadataPrefix="marc">https://riubu.ubu.es/oai/request</request><GetRecord><record><header><identifier>oai:riubu.ubu.es:10259/10344</identifier><datestamp>2025-03-19T01:05:27Z</datestamp><setSpec>com_10259_4292</setSpec><setSpec>com_10259_5086</setSpec><setSpec>com_10259_2604</setSpec><setSpec>com_10259_5827</setSpec><setSpec>col_10259_4293</setSpec><setSpec>col_10259_5828</setSpec></header><metadata><record xmlns="http://www.loc.gov/MARC21/slim" xmlns:doc="http://www.lyncode.com/xoai" xmlns:xsi="http://www.w3.org/2001/XMLSchema-instance" xmlns:dcterms="http://purl.org/dc/terms/" xsi:schemaLocation="http://www.loc.gov/MARC21/slim http://www.loc.gov/standards/marcxml/schema/MARC21slim.xsd">
<leader>00925njm 22002777a 4500</leader>
<datafield tag="042" ind1=" " ind2=" ">
<subfield code="a">dc</subfield>
</datafield>
<datafield tag="720" ind1=" " ind2=" ">
<subfield code="a">Beriain, María José</subfield>
<subfield code="e">author</subfield>
</datafield>
<datafield tag="720" ind1=" " ind2=" ">
<subfield code="a">Murillo Arbizu, María Teresa</subfield>
<subfield code="e">author</subfield>
</datafield>
<datafield tag="720" ind1=" " ind2=" ">
<subfield code="a">Insausti, Kizkitza</subfield>
<subfield code="e">author</subfield>
</datafield>
<datafield tag="720" ind1=" " ind2=" ">
<subfield code="a">Sarriés, María Victoria</subfield>
<subfield code="e">author</subfield>
</datafield>
<datafield tag="720" ind1=" " ind2=" ">
<subfield code="a">Gómez Bastida, Inmaculada</subfield>
<subfield code="e">author</subfield>
</datafield>
<datafield tag="260" ind1=" " ind2=" ">
<subfield code="c">2020</subfield>
</datafield>
<datafield tag="520" ind1=" " ind2=" ">
<subfield code="a">The aim of this work was to set the quality standards of the chistorra de Navarra, a raw-cured Spanish traditional meat product, through the study of its sensory and physicochemical features. The quality of chistorra samples, coming from 50 different artisan producers, were assessed during three sessions by expert assessors (n = 15). In the first session, instrumental colour (L*, a*, and b*) and appearance and odour parameters were evaluated in the raw products. In the second session, texture and flavour attributes were determined in cooked products. Finally, in the third session, the best 10 classified chistorras from the first and second sessions were sensorially evaluated and sampled for further analysis: texture (Warner Bratzler and texture profile analysis (TPA)), chemical composition, and fatty acid profile. The chistorras with the highest sensory scores had high shear force values, flavour intensity, and fat/hydroxyproline ratio. The average fatty acid profile obtained for chistorra de Navarra was: 42% saturated fatty acids (SFA), 45% monounsaturated fatty acids (MUFA), and 13% polyunsaturated fatty acids (PUFA), which was similar to the one found in other raw-cured sausages. Considering the sensory evaluation, chistorra was defined as a product with an intense orange colour, and with high resistance value in the initial bite. It was also characterised by a high juiciness and tenderness, aroma, and meat flavour. In mouth, the pork fat, one of the ingredients of chistorra, was balanced without any of the ingredients dominating. Chemically, the chistorra was characterised by a fat content close to 67% (dry matter), low hydroxyproline occurrence (≤0.6), and protein amount ranging 18–38%.</subfield>
</datafield>
<datafield tag="024" ind2=" " ind1="8">
<subfield code="a">http://hdl.handle.net/10259/10344</subfield>
</datafield>
<datafield tag="024" ind2=" " ind1="8">
<subfield code="a">10.3390/foods9081006</subfield>
</datafield>
<datafield tag="024" ind2=" " ind1="8">
<subfield code="a">2304-8158</subfield>
</datafield>
<datafield ind1=" " ind2=" " tag="653">
<subfield code="a">Raw-cured meat product</subfield>
</datafield>
<datafield ind1=" " ind2=" " tag="653">
<subfield code="a">Sensory quality</subfield>
</datafield>
<datafield ind1=" " ind2=" " tag="653">
<subfield code="a">Chemical composition</subfield>
</datafield>
<datafield ind1=" " ind2=" " tag="653">
<subfield code="a">Fatty acid profile</subfield>
</datafield>
<datafield ind1=" " ind2=" " tag="653">
<subfield code="a">Chistorra</subfield>
</datafield>
<datafield tag="245" ind1="0" ind2="0">
<subfield code="a">Raw-Cured Spanish Traditional Meat Product “Chistorra de Navarra”: Sensory and Composition Quality Standards</subfield>
</datafield>
</record></metadata></record></GetRecord></OAI-PMH>